01951 a2200253 45000010006000000050017000060080041000230030015000640400040000790800078001192450122001970200022003192500012003412640033003533000026003865051059004120410008014711000033014797000021015127000022015337000020015557000023015758560099015984940320260407155757.0260407a2019 arg spa dAR-UNSa-BCEJYS aAR-UNSa-BCEJYSbspacAR-UNSa-BCEJYS a336.226.1xImpuestos a las ganancias o los beneficios (Impuesto Diferido)10aManual del impuesto a las gananciaspCon las modificaciones de la reforma tributaria (Ley 27.430 y decreto 1170/2018) a978-987-03-3718-8 a4a. ed. 1aBuenos Aires :bLa Leyc2019 axviii, 806 p.c24 cm. a1. Ámbito objetivo de aplicación del impuesto a las ganancias. Nexos de vinculación. Elemento material - 2. Ámbito objetivo de aplicación del impuesto a las ganancias. Fuente territorial - 3. Ámbito subjetivo de aplicación del impuesto a las ganancias - 4. Ámbito temporal del hecho imponible en el impuesto a las ganancias. Imputación de las ganancias y gastos o deducciones al periodo fiscal - 5. Esquema de liquidación de la base imponible (Ganancia neta sujeta a impuesto) - 6. Exenciones - 7. Gastos y deducciones. Salidas no documentadas - 8. Ganancias brutas y netas de la primera categoría - 9. Ganancias brutas y netas de la segunda categoría - 10. Ganancias brutas y netas de la tercera categoría - 11. Ganancias brutas y netas de cuarta categoría - 12. Determinación del impuesto. Impuesto progresivo, impuesto cedular, crédito por impuestos análogos efectivamente pagados en el exterior por ganancias de fuente extranjera - 13. Régimen de beneficiarios del exterior - 14. Ajuste por inflación impositivo. aspa1 aRajmilovich, Darío Marcelo1 aArdiles, Lucía1 aBalverde, Luciana1 aCarbone, Sergio1 aCarreño, Gustavo41uhttps://www.biblioeco.unsa.edu.ar/pmb/images/libros/L128049.jpgyImagen de portadaqimage/jpeg